Lí luận văn học : Vấn đề và suy nghĩ

Nội dung cuốn sách bao gồm các vấn đề: đặc trưng của văn học, văn học trong quá trình phát triển lịch sử, loại thể văn học, nhà văn và tác phẩm, tác phẩm và người đọc...

Đã lưu trong:
Bibliografiske detaljer
Hovedforfatter: Nguyễn, Văn Hạnh
Format: Bog
Sprog:Undetermined
Udgivet: Hà Nội Giáo dục 1998
Fag:
Tags: Tilføj Tag
Ingen Tags, Vær først til at tagge denne postø!
Thư viện lưu trữ: Trung tâm Học liệu Trường Đại học Cần Thơ
LEADER 01201nam a2200265Ia 4500
001 CTU_28852
008 210402s9999 xx 000 0 und d
020 |b 10.000đ 
020 |c 10000 
082 |a 801 
082 |b H107 
100 |a Nguyễn, Văn Hạnh 
245 0 |a Lí luận văn học : 
245 0 |b Vấn đề và suy nghĩ 
245 0 |c Nguyễn Văn Hạnh, Huỳnh Như Phong 
260 |a Hà Nội 
260 |b Giáo dục 
260 |c 1998 
520 |a Nội dung cuốn sách bao gồm các vấn đề: đặc trưng của văn học, văn học trong quá trình phát triển lịch sử, loại thể văn học, nhà văn và tác phẩm, tác phẩm và người đọc... 
526 |a Sự vận động của thể loại trong văn học Việt Nam,Ngôn ngữ với việc tiếp nhận văn chương,Phương pháp dạy tác phẩm tự sự và tác phẩm kịch 
526 |b SPV617,XH610,SPV607 
650 |a Literature 
650 |x Philosophy 
904 |i Nguyễn Quang Điền 
980 |a Trung tâm Học liệu Trường Đại học Cần Thơ